000 00358nam a2200133Ia 4500
005 20260328104342.0
008 260328s9999||||xx |||||||||||||| ||und||
100 _aCzinkota, Michael
245 0 _aMarketing Management With Infotrac /
_cMichael Czinkota
260 _bSouth-Western Pub
300 _a598 p.
650 _agestión de marketing
942 _cBK
999 _c12170
_d12170